000
00327 a2200157 4500
001
182809
020
_a
040
_c
Magnum
100
_a
Malba Tahan
240
1
0
_a
Lendas do céu e da terra
_l
por
245
1
0
_a
Lendas do céu e da terra
300
_a
222
362
0
_a
1964
697
_a
LITERATURA GERAL
942
_c
BK
999
_c
182809
_d
182809